PAKADARPANA OF NALA (Record no. 8361)

MARC details
000 -LEADER
fixed length control field 00280nam a22001337a 4500
003 - CONTROL NUMBER IDENTIFIER
control field SGT
082 ## - DEWEY DECIMAL CLASSIFICATION NUMBER
Classification number 615.53
Item number P13M
100 ## - MAIN ENTRY--PERSONAL NAME
Personal name MADHULIKA
245 ## - TITLE STATEMENT
Title PAKADARPANA OF NALA
260 ## - PUBLICATION, DISTRIBUTION, ETC. (IMPRINT)
Place of publication, distribution, etc VARANASI
Name of publisher, distributor, etc CHAUKHAMBHA PUB
Year of Publication 2013
300 ## - PAGE DESCRIPTION
No. of Pages 110
650 ## - SUBJECT ADDED ENTRY--TOPICAL TERM
Topical term or geographic name as entry element AYURVEDA
942 ## - ADDED ENTRY ELEMENTS (KOHA)
Source of classification or shelving scheme Dewey Decimal Classification
Koha item type Books
942 ## - ADDED ENTRY ELEMENTS (KOHA)
-- 1
Holdings
Withdrawn status Lost status Source of classification or shelving scheme Damaged status Not for loan Collection code Home library Current library Shelving location Date acquired Vendor Name Cost, normal purchase price SGTU Bill Number Total Checkouts Full call number Accession No. (Barcode) Date last seen Bill Date Koha item type Date last borrowed
    Dewey Decimal Classification     AYURVEDA SGT FA-FP Library SGT FA-FP Library Text Book 08/03/2016 CHAUKHAMBHA 100.00 SGTU CP/B/724   615.53 P13M FA3366 08/03/2016 16/12/2015 Books  
    Dewey Decimal Classification     AYURVEDA SGT FA-FP Library SGT FA-FP Library Text Book 08/03/2016 CHAUKHAMBHA 100.00 SGTU CP/B/724 1 615.53 P13M FA3367 22/09/2022 16/12/2015 Books 08/09/2022
    Dewey Decimal Classification     AYURVEDA SGT FA-FP Library SGT FA-FP Library Text Book 08/03/2016 CHAUKHAMBHA 100.00 SGTU CP/B/724   615.53 P13M FA3368 10/03/2022 16/12/2015 Books  
    Dewey Decimal Classification     AYURVEDA SGT FA-FP Library SGT FA-FP Library Text Book 08/03/2016 CHAUKHAMBHA 100.00 SGTU CP/B/724   615.53 P13M FA3369 08/03/2016 16/12/2015 Books  
    Dewey Decimal Classification     AYURVEDA SGT FA-FP Library SGT FA-FP Library Text Book 08/03/2016 CHAUKHAMBHA 100.00 SGTU CP/B/724   615.53 P13M FA3370 08/03/2016 16/12/2015 Books